000 00877cam a22002771 4500
001 0000003959
005 20170406115442.0
008 710331s1967 enkh b 000 0 eng
010 _a 68089025
015 _aB67-24842
035 _9(DLC) 68089025
040 _aDLC
_cDLC
_dDLC
050 0 0 _aPR5651
_b.K7
082 0 0 _a821/.8
100 1 _aKrishnamurti, G.
245 1 4 _aThe Hound of Heaven :
_ba commemorative volume /
_cedited and introduced by G. Krishnamurti.
260 _aLondon :
_bFrancis Thompson Society,
_c1967.
300 _axii, 67 p. :
_b2 facsims. ;
_c24 cm.
350 _a60/-
500 _aLimited ed. of 500 numbered copies.
504 _aBibliographical footnotes.
600 1 0 _aThompson, Francis,
_d1859-1907.
_tHound of heaven.
710 2 _aFrancis Thompson Society.
908 _a140730
999 _c3807
_d3807